000 00713nam a2200205Ia 4500
003 GCL
005 20240530102144.0
008 140319s9999 xx 000 0 ara d
040 _aGCL /
_cGCL
082 0 4 _a378.0262
_bم ت
100 1 _aرئاسة الجمهورية
245 1 0 _aتقرير المجلس القومى للتعليم والبحث العلمى والتكنولوجيا /
_cرئاسة الجمهورية
260 _a[S.N] :
_bالمجالس القومية المتخصصة ،
_c1978
300 _a248 ص
650 0 4 _aالتعليم
650 0 4 _aالتعليم العالى
650 0 4 _aالاجتماع
700 1 _aالمجالس القومية المتخصصة
942 _2ddc
_cBK
999 _c30201
_d30201